Sports Quiz

Random Sports or World Quiz

IIHF World Under-20 Hosts Quiz Stats

 Plays Quiz not verified by Sporcle

Also try: MLB AL MVPs
Challenge
Share
Tweet
Embed
Score 0/41 Timer 05:00
0 Plays Today
Year Host City % Correct
1988Moscow
97.2%
2001Moscow and Podolsk
97.2%
1980Helsinki
94.4%
1985Helsinki and Turku
94.4%
1990Helsinki and Turku
94.4%
1998Helsinki and Hämeenlinna
94.4%
2004Helsinki and Hämeenlinna
94.4%
1978Montreal
91.7%
2006Vancouver, Kalowna and Kamloops
91.7%
2012Calgary and Edmonton
91.7%
1974*Leningrad
77.8%
1983Leningrad
77.8%
2009Ottawa
72.2%
1975*Winnipeg
66.7%
1996Boston
66.7%
1999Winnipeg
66.7%
2011Buffalo and Niagara
66.7%
2014Malmö
61.1%
2003Halifax and Sydney
52.8%
1982Minneapolis
50%
1986Hamilton
47.2%
Year Host City % Correct
2010Saskatoon and Regina
44.4%
1991Saskatoon
41.7%
1976*Tampere
38.9%
2013Ufa
33.3%
2008Pardubice and Liberec
30.6%
2002Pardubice and Hradec Králové
27.8%
1997Geneva and Morges
25%
2005Grand Forks and Thief River Falls
25%
1987Piešťany
22.2%
1995Red Deer
16.7%
2007Leksand and Mora
16.7%
1989Anchorage
13.9%
2000Skellefteå and Umeå
11.1%
1979Karlstad and Karlskoga
8.3%
1977Banskà Bystrica and Zvolen
5.6%
1981Füssen
5.6%
1992Füssen and Kaufbeuren
5.6%
1994Ostrova and Frýdek-Místek
2.8%
1984Norrköping and Nyköping
0%
1993Gävle
0%

You're not logged in!

Compare scores with friends on all Sporcle quizzes.
OR
Log In

You Might Also Like...

Show Comments

Extras

Top Quizzes Today


Score Distribution

Your Account Isn't Verified!

In order to create a playlist on Sporcle, you need to verify the email address you used during registration. Go to your Sporcle Settings to finish the process.

Report this User

Report this user for behavior that violates our Community Guidelines.

Details: